| 000 | 00602nam a2200229 a 4500 | ||
|---|---|---|---|
| 001 | nice12345678 | ||
| 003 | IN_TiNIC | ||
| 005 | 20260116015059.0 | ||
| 008 | 070913s1999 swea grp 000 0 eng | ||
| 020 |
_a9187748649 _c100 |
||
| 082 | 0 | 0 |
_a303.66 _bCAR |
| 100 | _a, | ||
| 245 |
_aForgiving or Forgetting _b Churches and the Transition to Democracy in the Philippines |
||
| 260 |
_aSweden _bLife and Peace Institute _c1999 |
||
| 300 | _a72p | ||
| 500 | _aincludes index and biblioraphy | ||
| 650 | _aPeace-Making | ||
| 700 | 1 | _a, | |
| 902 | _bSRS | ||
| 942 | _cBK | ||
| 999 |
_c18231 _d18231 |
||